| 000 | 01013nam a2200301 i 4500 | ||
|---|---|---|---|
| 003 | CO-BoRNBP | ||
| 005 | 20250122164314.0 | ||
| 007 | ta | ||
| 008 | 250122b2021 Uy a|||| |||| 00| 0 spa d | ||
| 020 | _a9789915662404 | ||
| 040 |
_aCO-BoRNBP _bspa _cCO-BoRNBP _erda |
||
| 041 | _aspa | ||
| 084 | _aP LIN | ||
| 100 | q |
_aLinn, Susie _eautor _957655 |
|
| 245 | 1 |
_a¡Puedes ser feliz! _cSusie Linn; ilustraciones, Alex Patrick; traducción, Equipo Editorial Latinbooks |
|
| 250 | _aPrimera edición | ||
| 264 | 4 |
_aMontevideo, Uruguay, _bLantinbooks International S.A. _c2021 |
|
| 300 |
_a32 páginas, _bilustraciones a color, tapa dura _calto 26 cm ancho 26 cm |
||
| 336 |
_2rdacontent _atexto _btxt |
||
| 337 |
_2rdamedia _asin mediación _bn |
||
| 338 |
_2rdacarrier _avolumen _bnc |
||
| 490 |
_aEstrella fugaz _pCreciendo |
||
| 650 |
_2LEMB _aLiteratura infantil _92746 |
||
| 650 |
_2LEMB _aPoesía infantil _91029 |
||
| 650 |
_2LEMB _aAutoestima _91478 |
||
| 650 |
_2LEMB _aFelicidad _915450 |
||
| 942 |
_2ddc _cBKINF |
||
| 999 |
_c56809 _d56809 |
||